000 00627nam a2200217 i 4500
001 C2-0142621
003 PPAK
005 20180727125542.0
008 980107s1983 ctua|||| ||||| | eng d
020 _a0874752450
040 _aPPAK
_beng
_cPPAK
_erda
082 0 4 _a610.03
_223
090 0 0 _a610.03
_bFIS
_dR
245 0 0 _aFishbein's illustrated medical and health encyclopedia :
_bCongestion - Hernia
264 1 _aWestport :
_bH.S. Stuttman ,
_c1983
300 _a764 pages :
_billustrations ;
_c24 cm
336 _2rdacontent
_atext
337 _2rdamedia
_aunmediated
338 _2rdacarrier
_avolume
942 _ddc
_cB
999 _c44518
_d44518